Problémy ochrany lesa v roku 2006 a prognóza na rok 2007

Bibliographic Details
Main Authors: Kunca, Andrej, 1973- (Author), Brutovský, Dušan, 1943- (Author), Finďo, Slavomír (Author), Gubka, Andrej (Author), Konôpka, Jozef, 1940- (Author), Leontovyč, Roman, 1930-1994 (Author), Longauerová, Valéria (Author), Nikolov, Christo (Author), Vakula, Jozef (Author), Varínsky, Juraj (Author), Zúbrik, Milan, 1966- (Author)
Format: Article
Language:Slovak
PhysicalDescription:Grafy, tab.
ISSN:1337-088X
Subjects:

MARC

LEADER 00000nab a2200000 a 4500
001 vtls009090895
003 SK-MaSNL
005 20260426090719.0
008 250526c2007 xo |||||||||||000 b|slo
015 |a SNBRB2007/09  |2 snkbucl 
035 |a (uuid)8f0e8613-965f-4b56-ad1d-c5e5744294f5 
035 |a urn:nbn:sk:snk-ab10td 
035 |a (urnnbn)urn:nbn:sk:snk:ar-005bpn 
038 |a SNKBUCL 
040 |a SNKBUCL  |b slo  |c SNKBUCL  |e AACR2 
041 0 |a slo 
044 |a xo  |c SK 
080 |a 630*4  |x (437.6)  |2 1997 
245 0 0 |a Problémy ochrany lesa v roku 2006 a prognóza na rok 2007  |c Andrej Kunca ... [et al.] 
300 |b Grafy, tab. 
648 7 |a 2006-2007  |2 snkbucl  |9 332664 
650 0 7 |a lesy  |2 snkbucl  |9 1437 
650 0 7 |a zdravotný stav lesov  |2 snkbucl  |9 73930 
650 0 7 |a poškodenie lesa  |2 snkbucl  |9 59129 
650 0 7 |a škodcovia  |2 snkbucl  |9 31521 
650 0 7 |a živočíšni škodcovia  |2 snkbucl  |9 28600 
650 0 7 |a abiotické faktory  |2 snkbucl  |9 79671 
650 0 7 |a choroby rastlín  |2 snkbucl  |9 3634 
651 7 |a Slovensko  |2 snkbucl  |9 14231 
700 1 |a Kunca, Andrej,  |d 1973-  |4 aut  |9 192293 
700 1 |a Brutovský, Dušan,  |d 1943-  |4 aut  |9 105652 
700 1 |a Finďo, Slavomír  |4 aut  |9 207023 
700 1 |a Gubka, Andrej  |4 aut  |9 245192 
700 1 |a Konôpka, Jozef,  |d 1940-  |4 aut  |9 89185 
700 1 |a Leontovyč, Roman,  |d 1930-1994  |4 aut  |9 27055 
700 1 |a Longauerová, Valéria  |4 aut  |9 317425 
700 1 |a Nikolov, Christo  |4 aut  |9 337438 
700 1 |a Vakula, Jozef  |4 aut  |9 332253 
700 1 |a Varínsky, Juraj  |4 aut  |9 7686 
700 1 |a Zúbrik, Milan,  |d 1966-  |4 aut  |9 117050 
773 0 |t Les & Slovenské lesokruhy  |g Roč. 63/6, č. máj - jún (2007), s. 48-51  |x 1337-088X 
850 |a Slovenská národná knižnica 
852 |a Slovenská národná knižnica 
954 |a odborná, vedecká literatúra pôvodná (slovenská)  |2 lita 
958 |a ONDV 
958 |a article2022 
958 |a SK 
999 |c 3000656  |d 3002586